| 000 | 00907nam a2200217 i 4500 | ||
|---|---|---|---|
| 001 | 46041 | ||
| 003 | ES-MaACL | ||
| 005 | 20250808084602.0 | ||
| 007 | t| | ||
| 008 | 030327s1843 sp ||||1| spa d | ||
| 245 | 0 | 0 |
_aConcordancia entre el Código civil francés y los códigos civiles extrangeros / _ctraducida del francés por F. Verlanga Huerta y J. Muñiz Miranda. |
| 260 |
_aMadrid : _b[s.n.], _c1843 ( _fImp. de Jenes) |
||
| 300 |
_aXXIX, 328 p. ; _c27 cm. |
||
| 505 | 8 | _aContiene el texto de los códigos: 1º. Francés. 2º. De las Dos Sicilias. 3º. De la Luisiana. 4º. Sardo. 5º. Del cantón de Vaud. 6º. Holandés. 7º. Bávaro... | |
| 650 | 0 | 4 |
_aDerecho civil- _zFrancia. _911665 |
| 650 | 7 |
_aDerecho civil- _zEuropa _2 _9171511 |
|
| 700 | 1 |
_aVerlanga Huerta, Fermín. _9114143 |
|
| 700 | 1 |
_aMuñiz Miranda, Juan. _984278 |
|
| 852 |
_aES-MaACL _jB-4294 |
||
| 999 |
_c46041 _d46041 |
||